Т. 4, вып. 4; Труды Сибирского физико-технического института

Detalles Bibliográficos
Parent link:Труды Сибирского физико-технического института/ Томский государственный университет (ТГУ), Сибирский физико-технический институт им. В. Д. Кузнецова (СФТИ). Т. 4, вып. 4.— , 1932-1974
Idioma:ruso
Publicado: 1936
Subjects:
Formato: MixedMaterials Libro
KOHA link:https://koha.lib.tpu.ru/cgi-bin/koha/opac-detail.pl?biblionumber=204054

MARC

LEADER 00000nam2a2200000 4500
001 204054
005 20241211095532.0
035 |a (RuTPU)RU\TPU\book\222388 
035 |a RU\TPU\book\222385 
090 |a 204054 
100 |a 20111118d1936 k y0rusy50 ca 
101 0 |a rus 
102 |a RU 
105 |a a|||z|||001yy 
181 0 |a i   |b  e  
182 0 |a n 
183 0 |a nc  |2 RDAcarrier 
200 0 |a Т. 4, вып. 4 
210 |d 1936 
215 |a 214 с.  |c ил. 
283 |a volume  |2 RDAcarrier 
320 |a Библиогр. в конце ст. 
461 1 |0 (RuTPU)RU\TPU\book\65965  |t Труды Сибирского физико-технического института  |f Томский государственный университет (ТГУ), Сибирский физико-технический институт им. В. Д. Кузнецова (СФТИ)  |v Т. 4, вып. 4  |d 1932-1974 
610 1 |a пластическое поведение 
610 1 |a свинец 
610 1 |a дендритная кристаллизация 
610 1 |a телевидение 
610 1 |a флуоресценция 
610 1 |a каменная соль 
610 1 |a фотохимия 
610 1 |a адсорбированные молекулы 
610 1 |a деформация 
610 1 |a скорость 
675 |a 539  |v 3 
801 1 |a RU  |b 63413507  |c 20040406  |g PSBO 
801 2 |a RU  |b 63413507  |c 20120227  |g PSBO 
942 |c CR